Most Populated 15 Countries in the World - Statistics

General Stats
  • This quiz has been taken 36 times
  • The average score is 13 of 15
Answer Stats
Population Country % Correct
1,380,004,385 India
100%
1,439,323,776 China
97%
128,932,753 Mexico
97%
212,559,417 Brazil
94%
126,476,461 Japan
94%
145,934,462 Russia
94%
331,002,651 United States of America
94%
102,334,404 Egypt
91%
273,523,615 Indonesia
91%
164,689,383 Bangladesh
88%
220,892,340 Pakistan
88%
206,139,589 Nigeria
85%
109,581,078 Philippines
82%
97,338,579 Vietnam
76%
114,963,588 Ethiopia
73%
No matching quizzes found
Score Distribution
Percent of People with Each Score
Percentile by Number Answered
Your Score History
You have not taken this quiz